[Event "World Team-ch Open 2019"]
[Site "Astana"]
[Date "2019.03.14"]
[Round "9.8"]
[White "Johansson, Linus"]
[Black "Jones, Gawain C B"]
[Result "0-1"]
[WhiteElo "2479"]
[BlackElo "2681"]
[Annotator "TA"]
[PlyCount "118"]
[EventDate "2019.02.05"]
[EventType "team-tourn"]
[EventCountry "KAZ"]
[SourceTitle "playchess.com"]
[Source "ChessBase"]
[SourceQuality "1"]
[WhiteTeam "Sweden"]
[BlackTeam "England"]
[WhiteTeamCountry "SWE"]
[BlackTeamCountry "ENG"]

{[%evp 18,118,15,0,14,-45,-50,-50,-45,-50,-49,-42,-47,-35,-41,-62,-56,-65,-64,-77,-83,-96,-88,-99,-86,-95,-93,-87,-82,-82,-85,-93,-72,-73,-69,-72,-69,-69,-69,-69,-66,-72,-69,-66,-72,-75,-68,-85,-78,-77,-76,-77,-70,-83,-71,-88,-88,-93,-72,-98,-98,-98,-72,-98,-98,-98,-77,-104,-104,-104,-104,-104,-104,-104,-104,-104,-104,-103,-96,-242,-235,-506,-359,-294,-178,-1398,-1356,-1968,-1889,-1902,-1397,-29953,-29943,-12841,-6079,-29967,-29967,-29969,-29971,-29971,-29969,-29966,-29970]} 1. d4 Nf6 2. c4 g6 3. Nc3 d5 4. cxd5 Nxd5 5. e4 Nxc3 6. bxc3 Bg7 7. Qa4+ Nd7 8. Nf3 O-O 9. Be2 {D85: Exchange Grünfeld: Unusual White 7th moves and lines with 7 Nf3} Nb6 10. Qa5 {LiveBook: 3 Games} (10. Qb4 Qd6 11. O-O Bg4 12. Qb3 c6 13. Rd1 Qc7 14. Ba3 Nc8 15. Rac1 Bxf3 16. Bxf3 Rd8 {1-0 (29) Inarkiev,E (2683)-Li,C (2741) Palma de Mallorca 2017}) 10... Bg4 11. Qg5 $146 ({White should try} 11. Bg5 $11) ({Predecessor:} 11. Bg5 Qe8 12. Rb1 e5 13. dxe5 Bxf3 14. gxf3 Qxe5 15. Qxe5 Bxe5 16. Kd2 Rab8 {½-½ (70) Johansson,L (2468)-Heimann,A (2578) Germany 2018}) 11... Bxf3 $15 12. Bxf3 e5 13. Qxd8 Rfxd8 14. Bg5 Rd6 15. d5 c6 {[%cal Rc6d5]} 16. dxc6 Rxc6 17. O-O Na4 18. Rfb1 b6 19. Bd2 Rd8 20. Be1 Bf8 21. Rd1 Rxd1 22. Bxd1 Nxc3 23. Bxc3 Rxc3 $17 {[%mdl 4096] Endgame KRB-KRB} 24. Bb3 Bc5 25. Rd1 Bd4 26. Kf1 Kg7 27. Ke2 b5 {[%cal Bb6b5,Bb5b4][%mdl 32]} 28. Rd2 Rc7 29. Rc2 Bc3 30. Kd3 b4 31. Bd5 Kh6 32. f3 Kg5 33. g3 f6 {[%cal Bf7f6,Bf6f5,Bf5f4][%mdl 32]} 34. Ke2 Rc5 35. Kf1 f5 36. Kg2 f4 37. Rc1 Rc7 38. Bb3 Rd7 39. Rd1 Bd4 40. Rc1 Be3 41. Rd1 Rd4 (41... Rxd1 {keeps more tension.} 42. Bxd1 fxg3 43. Kxg3 a5 44. Bb3 Bf4+) 42. Kf1 Rxd1+ 43. Bxd1 fxg3 44. hxg3 {KB-KB} h5 45. Ba4 Kh6 46. Ke2 Bc1 47. Kd1 Bb2 48. f4 (48. Ke1 $17) 48... h4 $19 49. gxh4 $2 {[#]} (49. Ke2 {was forced.}) 49... exf4 {[%cal Be5f4,Bf4f3,Bf3f2][%mdl 32]} 50. Ke2 Kh5 51. Be8 $2 (51. Kf3) 51... Kxh4 52. Bxg6 Kg3 53. Bh5 a5 54. Kd3 f3 55. Kc4 Kf4 56. Kb5 f2 {Black mates.} 57. Be2 Kxe4 58. Kxa5 Ke3 59. Ba6 {[#]} Ba3 $1 {Accuracy: White = 34%, Black = 84%.} 0-1

[Event "World Team-ch Open 2019"]
[Site "Astana"]
[Date "2019.03.14"]
[Round "9.9"]
[White "Jumabayev, Rinat"]
[Black "Ding, Liren"]
[Result "1/2-1/2"]
[WhiteElo "2609"]
[BlackElo "2812"]
[Annotator "TA"]
[PlyCount "68"]
[EventDate "2019.02.05"]
[EventType "team-tourn"]
[EventCountry "KAZ"]
[SourceTitle "playchess.com"]
[Source "ChessBase"]
[SourceQuality "1"]
[WhiteTeam "Kazakhstan"]
[BlackTeam "China"]
[WhiteTeamCountry "KAZ"]
[BlackTeamCountry "CHN"]

{[%evp 15,68,16,20,13,15,20,17,0,11,6,4,8,16,2,0,-28,-25,-30,-22,-33,-18,-31,-18,-34,-39,-35,-36,-35,-29,-33,-29,-110,-102,-130,-33,-19,-16,-22,-18,-20,-18,-28,-8,-8,-8,-8,-8,-8,-10,-10,-8,-14,-5,-5,0]} 1. e4 e5 2. Nf3 Nc6 3. Bb5 a6 4. Ba4 Nf6 5. O-O Be7 6. d3 b5 7. Bb3 d6 8. a4 Bd7 9. Bd2 {C84: Closed Ruy Lopez: Unusual White 6th moves} (9. c3 Na5 10. Bc2 c5 11. d4 Qb8 12. Bg5 h6 13. Bh4 Be6 14. axb5 axb5 15. Nbd2 O-O 16. Re1 Rc8 {½-½ (56) Karjakin,S (2753)-Aronian,L (2765) Kolkata 2018}) 9... b4 10. a5 O-O 11. c3 Rb8 12. Re1 Qc8 13. h3 Be6 14. Bxe6 Qxe6 {[#]} 15. Be3 $146 ({Predecessor:} 15. d4 exd4 16. Nxd4 Nxd4 17. cxd4 {1-0 (50) Guseinov,G (2654)-Saurabh,A (2258) Sitges 2018}) 15... d5 16. Nbd2 dxe4 17. dxe4 Rb5 18. Ng5 Qd7 19. c4 Rxa5 20. Rxa5 Nxa5 21. Qa1 Nc6 {[%cal Ba5c6,Bc6d4,Bd4c2][%mdl 32]} 22. Qxa6 Nd4 23. Ndf3 {[#]} (23. Bxd4 $11 Qxd4 {[%mdl 64] Double Attack} 24. Ndf3) 23... Nc2 $1 $17 {[%cal Rc2e1]} 24. Nxe5 {[#]} Qd6 (24... Qe8 $1 $17 25. Re2 Nxe3 26. fxe3 Bd6) 25. Qxd6 $15 Bxd6 26. Rc1 $1 {[%cal Rc1c2]} Nxe3 27. Nd3 $1 h6 28. fxe3 hxg5 29. e5 {[#]The position is equal.} Bxe5 $1 {[%mdl 512]} 30. Nxe5 Re8 31. Nc6 Rxe3 32. Nxb4 Rb3 33. Nd5 Nxd5 34. cxd5 Rxb2 {Accuracy: White = 62%, Black = 72%.} 1/2-1/2

[Event "World Team-ch Open 2019"]
[Site "Astana"]
[Date "2019.03.14"]
[Round "9.10"]
[White "Yu, Yangyi"]
[Black "Ismagambetov, Anuar"]
[Result "1-0"]
[WhiteElo "2761"]
[BlackElo "2545"]
[Annotator "TA"]
[PlyCount "67"]
[EventDate "2019.02.05"]
[EventType "team-tourn"]
[EventCountry "KAZ"]
[SourceTitle "playchess.com"]
[Source "ChessBase"]
[SourceQuality "1"]
[WhiteTeam "China"]
[BlackTeam "Kazakhstan"]
[WhiteTeamCountry "CHN"]
[BlackTeamCountry "KAZ"]

{[%evp 13,67,-25,4,4,8,5,3,7,5,0,0,14,39,25,52,45,38,61,170,166,167,165,166,162,155,163,186,186,182,178,168,169,178,178,178,178,195,171,287,297,275,281,288,275,239,238,303,290,623,615,623,525,639,629,615,597]} 1. d4 Nf6 2. c4 e6 3. Nc3 Bb4 4. e3 O-O 5. Bd3 c5 6. Nge2 d5 7. a3 {[%cal Ba2a3,Ba3b4,Bb4b5][%mdl 32]} cxd4 8. axb4 {E48: Nimzo-Indian: Rubinstein: 5 Bd3 d5 including 6 Ne2, but excluding 6 a3} (8. exd4 dxc4 9. Bxh7+ Nxh7 10. axb4 Nc6 11. b5 Ne7 12. O-O a6 13. bxa6 Rxa6 14. Rxa6 bxa6 15. Qa4 Bb7 16. Qxc4 {1-0 (74) L'Ami,E (2605)-Schenk,A (2463) Germany 2017}) 8... dxc3 9. Nxc3 Nc6 {[%cal Bb8c6,Bc6e5,Be5d3][%mdl 32]} 10. b5 {The position is equal.} Ne5 11. c5 Nxd3+ 12. Qxd3 e5 13. O-O Bg4 $146 ({Predecessor:} 13... Be6 14. Ne2 Qc7 15. b4 e4 {0-1 (28) Wicklund Hansen,G-Gislason,B ICCF corr 1984}) 14. f3 Bh5 15. e4 Qc8 ({Black should try} 15... dxe4 $14 16. Qxd8 Rfxd8) 16. Nxd5 $18 {[#] Strongly threatening Ne7+.} Qxc5+ 17. Be3 Qd6 18. Nxf6+ ({Resist} 18. Bxa7 $6 Rxa7 19. Rxa7 Nxd5 $14) 18... Qxf6 19. Qd7 Qd8 20. Qxb7 {Rfd1 is the strong threat.} Rb8 21. Qxa7 {Threatens to win with Rfd1.} Rxb5 22. b4 $36 {[%cal Bb2b4,Bb4b5,Bb5b6][%mdl 2080] White is in control.} Qb8 23. Bc5 Rd8 24. Qxb8 Rbxb8 25. Rfb1 f6 {[#]} (25... Rb5 $142 26. Be7 Re8) 26. b5 $1 Be8 27. b6 Rd7 28. Rc1 Kf7 29. Ra7 Ke6 30. Be3 Rdb7 $2 (30... Kd6 31. Kf2 Rxa7 32. bxa7 Ra8) 31. Rc7 {White is clearly winning.} Rxc7 32. Rxc7 ({Not} 32. bxc7 Rc8 $16) 32... Bd7 33. Bc5 h5 34. b7 {Accuracy: White = 94%, Black = 57%.} 1-0

[Event "World Team-ch Open 2019"]
[Site "Astana"]
[Date "2019.03.14"]
[Round "9.11"]
[White "Kazhgaleyev, Murtas"]
[Black "Wei, Yi"]
[Result "1/2-1/2"]
[WhiteElo "2587"]
[BlackElo "2733"]
[Annotator "TA"]
[PlyCount "85"]
[EventDate "2019.02.05"]
[EventType "team-tourn"]
[EventCountry "KAZ"]
[SourceTitle "playchess.com"]
[Source "ChessBase"]
[SourceQuality "1"]
[WhiteTeam "Kazakhstan"]
[BlackTeam "China"]
[WhiteTeamCountry "KAZ"]
[BlackTeamCountry "CHN"]

{[%evp 18,85,33,18,18,18,11,16,13,12,16,12,16,6,18,5,31,0,0,0,0,0,0,0,4,7,1,4,41,10,4,6,16,0,44,0,27,25,25,22,40,31,33,50,40,31,31,31,28,27,69,45,64,65,66,60,79,80,73,80,70,76,68,64,80,0,0,0,0,0]} 1. d4 Nf6 2. c4 g6 3. g3 Bg7 4. Bg2 O-O 5. Nc3 d6 6. Nf3 Nc6 7. O-O e5 8. dxe5 dxe5 9. Bg5 Be6 10. Nd5 (10. Nd2 {feels hotter.} Qc8 11. Qa4 Bd7 12. Rad1 Nd4 13. Qb4) 10... Bxd5 {E62: King's Indian: Fianchetto: 6...c6 and Panno Variation (6...Nc6) without ...a6} 11. Bxf6 Bxf6 12. cxd5 Ne7 13. e4 Qd7 14. Qb3 c6 {[%cal Rc6d5] [#]} 15. Rad1 $146 ({Predecessor:} 15. dxc6 Nxc6 {½-½ (15) Berkes,F (2648)-Naiditsch,A (2689) Hungary 2016}) 15... cxd5 16. exd5 Nc8 17. d6 Nxd6 18. Qd5 {[%mdl 64] [#] Double Attack} Rad8 19. Nxe5 Qa4 20. Nd3 b6 21. b3 Qb5 ({But not} 21... Qxa2 22. Nb4 $16) 22. Nf4 Bg7 23. Rfe1 Rfe8 24. Rxe8+ Qxe8 25. Qd3 Qe5 (25... Bf6 {with more complications.} 26. Nd5 Qe5 27. f4 Qb2 28. Qd2 Kg7) 26. h4 (26. Qa6 {looks sharper.} Qc5 27. Qa4 a5 28. Bf3 Rf8 29. Kg2) 26... Qc3 27. Qxc3 Bxc3 28. Nd5 Bg7 29. Ne7+ Kf8 30. Nc6 Rd7 31. a4 a5 $1 32. b4 axb4 33. Nxb4 f5 34. Bf3 Rd8 35. Nc6 Rd7 36. Kg2 Ke8 37. Nb8 Rd8 38. Bc6+ Kf7 39. Nd7 Nc8 40. Bb5 {Threatens to win with Ne5+!} Na7 {[#]} 41. Ne5+ ({Better is} 41. Be2 $1 $16) 41... Ke7 $11 42. Rxd8 Kxd8 43. Nc6+ {Accuracy: White = 73%, Black = 51%.} 1/2-1/2

[Event "World Team-ch Open 2019"]
[Site "Astana"]
[Date "2019.03.14"]
[Round "9.12"]
[White "Ni, Hua"]
[Black "Makhnev, Denis"]
[Result "1/2-1/2"]
[WhiteElo "2683"]
[BlackElo "2476"]
[Annotator "TA"]
[PlyCount "197"]
[EventDate "2019.02.05"]
[EventType "team-tourn"]
[EventCountry "KAZ"]
[SourceTitle "playchess.com"]
[Source "ChessBase"]
[SourceQuality "1"]
[WhiteTeam "China"]
[BlackTeam "Kazakhstan"]
[WhiteTeamCountry "CHN"]
[BlackTeamCountry "KAZ"]

{[%evp 9,197,21,30,12,22,12,12,15,10,0,16,9,39,28,35,35,29,15,29,29,30,25,39,34,38,25,25,25,27,24,24,28,15,10,23,22,37,3,10,0,0,0,16,16,16,16,16,16,22,18,24,23,31,10,15,10,19,14,41,35,42,39,37,49,56,50,66,62,150,154,212,197,184,196,310,298,254,68,51,30,33,33,61,0,0,0,0,0,0,0,0,0,0,0,0,0,0,0,0,0,0,0,0,0,0,0,0,0,0,0,0,0,0,0,0,0,0,-17,-17,-17,-17,-17,0,0,0,-17,-17,-62,-51,-78,-78,-78,-78,-91,-126,-126,-145,-94,-158,-152,-23,-23,-23,-23,-23,-23,-23,-27,-17,-17,-17,-17,0,-17,-17,-17,-17,-23,0,-24,0,-31,-31,-36,0,0,0,0,0,0,0,0,0,0,0,0,0,0,0,0,0,0,0,0,0,0,0,0,0,0]} 1. e4 e5 2. Nf3 Nc6 3. Bb5 Nf6 4. d3 Bc5 5. Bxc6 dxc6 6. Nbd2 {[%cal Bb1d2,Bd2b3,Bb3a5,Ba5c4][%mdl 32] C65: Ruy Lopez: Berlin Defence (3...Nf6), unusual lines and 4 0-0 Bc5} (6. O-O {keeps more tension.} Nd7 7. c3 O-O 8. Qc2 Qe7 9. Re1) 6... Be6 7. Qe2 (7. O-O Bd6 8. b3 O-O 9. Nc4 Nd7 10. a4 Bxc4 11. bxc4 a5 12. Bg5 Be7 13. Be3 b6 {½-½ (52) Caruana,F (2828)-Nakamura,H (2749) chess.com INT 2019}) 7... Nd7 8. Nb3 Bd6 9. Ng5 Nf8 $146 ({Predecessor:} 9... Bxb3 10. axb3 Qe7 11. h4 h5 12. Be3 c5 13. g3 Nb8 {1-0 (26) Czarnota,P (2540)-Codenotti,M (2471) Achaea 2016}) 10. O-O h6 11. Nxe6 Nxe6 12. Be3 c5 13. Na5 b6 14. Nc4 Qf6 15. a4 Rd8 16. g3 Qg6 17. Qf3 O-O 18. Qf5 Qxf5 19. exf5 Nd4 20. Bxd4 cxd4 21. Nd2 f6 22. g4 Kf7 23. Kg2 h5 24. h3 g6 25. Kf3 hxg4+ 26. hxg4 gxf5 27. gxf5 Rh8 28. Rh1 Rdg8 29. Ne4 Be7 30. Rxh8 Rxh8 $11 {[%mdl 4096] Endgame KRB-KRN} 31. a5 b5 32. a6 c6 33. Rg1 Rb8 34. Rh1 Kg7 35. Ng3 Rb6 36. Ra1 Kf7 37. Ke4 Bd6 38. Nh5 c5 (38... b4 $1 $14) 39. b3 $1 $16 c4 (39... Rc6 $16 {keeps fighting.} 40. Kd5 Rb6) 40. bxc4 $18 bxc4 41. dxc4 Rb2 (41... Be7 $142 42. f4 Rc6 43. Nxf6 {[%mdl 64] Remove Defender} (43. fxe5 fxe5 44. Kxe5 Rh6 $16) 43... Rxf6) 42. Kd5 Be7 {[#]} 43. Rg1 $2 ({White must play} 43. Ng3 $1 $18) 43... Ra2 $1 $14 ({But not} 43... Rxc2 $2 44. Rg7+ Kf8 45. Ke6 $18) 44. Rg7+ Kf8 $1 45. Rh7 Ra5+ 46. Ke6 (46. Ke4 $14) 46... Rxa6+ $11 47. Kd7 Rd6+ 48. Kc7 Rb6 49. Rh8+ Kf7 50. Rh7+ Kf8 {aiming for ...Bd6+.} 51. Rh8+ Kf7 52. Ng3 Rb4 53. Kd7 {Strongly threatening Rh7+.} Rb7+ 54. Kc6 Rb6+ 55. Kd5 Rd6+ $1 56. Ke4 Ra6 57. Rb8 Ra3 58. Kd5 d3 $1 {[%cal Rd3c2]} 59. cxd3 Rxd3+ 60. Kc6 Rd6+ 61. Kb5 a6+ 62. Ka5 Rc6 63. Rb7 Rxc4 64. Kxa6 Rf4 65. Kb5 Ke8 66. Kc6 Rxf2 67. Rb8+ Kf7 {...Rf3 is the strong threat.} 68. Rb7 Rf4 69. Ra7 Rg4 70. Nf1 Rc4+ 71. Kd5 Rd4+ 72. Kc6 Rd6+ 73. Kb5 Rd3 74. Nh2 {[#]} Rd4 (74... Rb3+ $1 $17 75. Kc6 Rc3+ 76. Kb5 e4) 75. Ra4 Rd1 76. Ng4 Rd3 77. Kc4 Rd4+ 78. Kb3 Rd7 79. Kc2 Rd6 80. Nf2 Rd7 81. Ng4 Bd8 82. Nf2 Kg7 83. Rg4+ Kf7 84. Ra4 Kg7 85. Rg4+ Kf8 86. Ra4 Rh7 {Threatens to win with ...Rh2.} 87. Ra8 {The position is equal.} Rc7+ 88. Kd3 Ke7 89. Ne4 Rd7+ 90. Ke2 Rd4 91. Ra7+ Ke8 92. Kf3 Rd3+ 93. Ke2 Rd4 94. Kf3 Be7 95. Ra6 Kf7 96. Ra7 Kf8 97. Ra6 Kf7 98. Ra7 Kf8 99. Ra6 {Accuracy: White = 77%, Black = 61%.} 1/2-1/2

[Event "World Team-ch Open 2019"]
[Site "Astana"]
[Date "2019.03.14"]
[Round "9.13"]
[White "Swiercz, Dariusz"]
[Black "Maghsoodloo, Parham"]
[Result "1-0"]
[WhiteElo "2655"]
[BlackElo "2673"]
[Annotator "TA"]
[PlyCount "113"]
[EventDate "2019.02.05"]
[EventType "team-tourn"]
[EventCountry "KAZ"]
[SourceTitle "playchess.com"]
[Source "ChessBase"]
[SourceQuality "1"]
[WhiteTeam "United States"]
[BlackTeam "Iran"]
[WhiteTeamCountry "USA"]
[BlackTeamCountry "IRI"]

{[%evp 14,113,16,16,22,24,31,27,43,0,29,27,39,37,39,41,41,0,37,0,34,7,27,29,39,29,75,67,86,81,81,75,116,113,132,140,133,122,151,107,110,110,135,123,125,127,112,125,164,70,93,49,56,50,69,69,111,84,271,80,69,62,90,80,73,69,183,54,47,53,48,52,66,0,166,154,160,162,209,202,278,259,485,550,541,541,530,525,995,1137,1137,1137,1151,1116,29976,29972,29971,29969,29975,29976,5691,1083]} 1. e4 e5 2. Nf3 Nc6 3. Bc4 Bc5 4. d3 Nf6 5. O-O a6 6. c3 d6 7. Bb3 Ba7 8. Re1 h6 {C54: Giuoco Piano: 4 c3 Nf6, main lines with 5 d4 and 5 d3} 9. Nbd2 Nh5 10. Nf1 Qf6 {White has an edge.} 11. Ne3 Bxe3 $146 ({Predecessor:} 11... Nf4 12. Nd5 Nxd5 13. exd5 Ne7 14. d4 exd4 15. Nxd4 O-O 16. Be3 {½-½ (101) Amin,B (2689)-Bu,X (2730) Riadh 2017}) 12. fxe3 Qg6 13. Rf1 {aiming for Nh4.} Nf6 14. Nh4 Qg5 15. Nf3 Qg6 16. Nh4 Qg5 $1 {[%cal Rg5h4]} 17. Nf5 Bxf5 (17... h5 {is more complex.} 18. Bd2 h4 19. h3 Be6 20. Bc2 O-O-O) 18. Rxf5 Qg6 19. Rf3 O-O 20. Bd2 Nd7 21. Rg3 $36 {[%mdl 2048] White is on the roll.} Qh7 22. Qg4 Nc5 23. Bc2 $1 Rae8 24. b4 Ne6 25. Rf1 Ncd8 26. Bb3 Kh8 27. Be1 c6 28. Rgf3 f6 29. Rf5 Nc7 30. Bg3 Re7 31. h4 (31. c4 $18) 31... Nf7 32. Qf3 {Black must now prevent Rxf6!} Rfe8 33. c4 c5 34. Be1 Ne6 35. a3 Rf8 $2 {[#]} (35... Qg6 $16) 36. Bd1 $2 (36. Rxf6 $1 $18 {[%mdl 512] is the precise move to win. Hoping for Bc3.} Nf4 (36... gxf6 37. Qxf6+) 37. bxc5 (37. exf4 gxf6 38. Bd2 Qg7 $14) 37... gxf6 38. cxd6 (38. exf4 dxc5 39. Bd2 b6 $11) 38... Nxd6 39. exf4) 36... Nfd8 $16 37. Qg3 b5 38. Bb3 Rfe8 39. Qg4 Nf8 (39... Ra7 $14) 40. Qe2 ({White should try} 40. cxb5 $18 axb5 41. a4) 40... Nd7 41. a4 a5 42. cxb5 cxb4 43. Qc2 Ne6 $2 (43... Nb7 $1 $11 {and Black has nothing to worry.}) 44. Bxe6 $1 $18 Rxe6 {[#]} 45. Qc7 $1 {[%csl LRa5,LRd7][%cal Rc7d7]} Nc5 {And now ...g6 would win.} 46. Qxa5 Nxd3 {[#]} 47. b6 $1 ({Weaker is} 47. Bxb4 Qg6 $14) 47... g6 $2 (47... b3 {might work better.} 48. Qb5 Nc5) 48. Rxf6 Rxf6 49. Rxf6 Nxe1 50. Qxb4 {[%mdl 64] Double Attack} Qb7 51. Qxe1 Qxb6 52. Rxg6 {Threatening mate with Qf2. KQR-KQR} Kh7 53. h5 Rf8 54. Kh2 Qb7 55. Qh4 Qa7 56. Qg4 Qf7 57. Rxd6 {Accuracy: White = 63%, Black = 41%.} (57. a5 $142 Rb8 58. Rxd6) 1-0

[Event "World Team-ch Open 2019"]
[Site "Astana"]
[Date "2019.03.14"]
[Round "9.14"]
[White "Idani, Pouya"]
[Black "Sevian, Samuel"]
[Result "0-1"]
[WhiteElo "2604"]
[BlackElo "2642"]
[Annotator "TA"]
[PlyCount "96"]
[EventDate "2019.02.05"]
[EventType "team-tourn"]
[EventCountry "KAZ"]
[SourceTitle "playchess.com"]
[Source "ChessBase"]
[SourceQuality "1"]
[WhiteTeam "Iran"]
[BlackTeam "United States"]
[WhiteTeamCountry "IRI"]
[BlackTeamCountry "USA"]

{[%evp 17,96,-14,-15,-4,0,0,0,0,0,0,0,0,0,0,0,0,0,-14,8,-20,0,0,0,0,0,0,0,0,0,0,14,-74,-56,-52,-50,-52,-45,-48,-48,-45,-25,-19,-18,-58,-70,-69,-56,-106,-99,-100,-113,-153,-153,-151,-151,-139,0,-70,0,-132,-133,-86,-109,-166,-152,-234,-219,-324,-321,-386,-372,-372,-366,-529,-529,-519,-516,-646,-639,-629,-617]} 1. e4 e5 2. Nf3 Nc6 3. d4 exd4 4. Nxd4 Nf6 5. Nxc6 bxc6 6. e5 Qe7 7. Qe2 Nd5 8. c4 Ba6 9. b3 g6 10. Ba3 {C45: Scotch Game} d6 11. exd6 Qxe2+ 12. Bxe2 {Strongly threatening Bb2.The position is equal.} Bg7 {Hoping for ...Nf4.} 13. cxd5 Bxe2 14. Kxe2 (14. dxc6 $2 Bb5 $19) 14... Bxa1 15. Rc1 (15. dxc7 cxd5 16. Rd1 Be5 $17) 15... O-O-O {[#]} 16. Rxc6 $146 ({Predecessor:} 16. f4 c5 17. Bxc5 Kb7 {½-½ (43) Jones,G (2665)-L'Ami,E (2605) Wijk aan Zee 2017}) 16... Rd7 17. f4 g5 18. g3 gxf4 19. gxf4 Rg8 20. Kf3 Rg1 {...Rf1+ is the strong threat.} 21. Nd2 $1 Rh1 22. Kg2 Rd1 23. Bb4 Bg7 24. Ba5 (24. Nc4 $11 {keeps the balance.}) 24... Rxd6 25. Rxc7+ {[%mdl 64] [#] Double Attack} Kb8 26. Rxf7 {aiming for Bc7+.} Rxd5 {[%mdl 64] Double Attack} 27. Nc4 ({Reject} 27. Rxg7 Rxa5 28. Nf3 Rxa2+ 29. Kg3 Rd3 $19) 27... Rd7 28. Rxd7 Rxd7 $15 {[%mdl 4096] Endgame KRB-KBN} 29. Kf3 Rd1 30. Bb4 Kc7 {[%mdl 1024] Black has compensation.} 31. Bc5 a6 32. h4 Ra1 33. a3 Kc6 34. Be3 Kd5 35. Nb6+ Ke6 36. Nc4 Kd5 (36... Kf5 $17 37. Nd6+ Kg6) 37. Nb6+ $1 Ke6 (37... Kd6 $1 $15) 38. Nc4 $17 Kf5 39. Nd6+ {[#]} Kg6 $1 40. f5+ (40. Bc5 $17) 40... Kh5 $19 41. Bg5 (41. Bc5 $17) 41... Rxa3 42. Be7 (42. Ne4 {might work better.} Be5 43. Nc5) 42... Be5 ({Not} 42... Rxb3+ 43. Ke4 $17) 43. Nc4 Rxb3+ 44. Ke4 Bg3 45. f6 (45. Kd5 $142 Rc3 46. Bf6) 45... Kg6 {Black is clearly winning.} 46. h5+ Kf7 47. Ne3 Bh4 48. Ng4 Ke6 {Accuracy: White = 50%, Black = 86%.} 0-1

[Event "World Team-ch Open 2019"]
[Site "Astana"]
[Date "2019.03.14"]
[Round "9.15"]
[White "Onischuk, Alexander"]
[Black "Tabatabaei, M.amin"]
[Result "1-0"]
[WhiteElo "2647"]
[BlackElo "2600"]
[Annotator "TA"]
[PlyCount "117"]
[EventDate "2019.02.05"]
[EventType "team-tourn"]
[EventCountry "KAZ"]
[SourceTitle "playchess.com"]
[Source "ChessBase"]
[SourceQuality "1"]
[WhiteTeam "United States"]
[BlackTeam "Iran"]
[WhiteTeamCountry "USA"]
[BlackTeamCountry "IRI"]

{[%evp 14,117,8,-22,20,0,0,0,0,-3,23,0,6,0,15,0,0,0,39,38,61,-28,-39,-11,-12,-10,-13,-20,0,0,0,0,66,65,56,64,93,100,154,0,0,0,9,0,0,0,0,0,0,0,0,0,0,0,40,46,58,54,69,64,82,64,124,123,136,133,143,140,133,131,143,146,206,206,206,206,206,206,206,203,212,210,387,258,258,258,416,402,445,408,426,412,439,421,617,569,706,706,698,698,691,690,691,684,652,622]} 1. d4 Nf6 2. c4 e6 3. Nc3 Bb4 4. g3 O-O 5. Bg2 Bxc3+ 6. bxc3 d6 {E20: Nimzo-Indian: 4 g3 and 4 f3} 7. Nf3 (7. e4 e5 8. Ne2 Re8 9. Qc2 c5 10. O-O Nc6 11. f4 exd4 12. cxd4 cxd4 13. Qd3 Nb4 14. Qd2 {0-1 (37) Lampert,J (2544)-Sunilduth Lyna,N (2575) chess.com INT 2019}) 7... Nc6 8. c5 {LiveBook: 3 Games} dxc5 {The position is equal.} 9. Ba3 Nd7 10. O-O $146 ({Predecessor:} 10. dxc5 e5 11. O-O Nf6 12. Nd2 Bd7 13. Qc2 Qc8 14. Rfd1 {½-½ (27) Schrancz,I-Kahn,P ICCF corr 1984}) 10... Re8 11. Rb1 Qf6 12. e3 e5 13. Re1 h6 14. Qc2 b6 15. Qa4 {Nxe5 is the strong threat.} Bb7 (15... e4 $5 {[%cal Re4f3]} 16. Nd2 Qg6 $11) 16. d5 Rad8 17. dxc6 ({White should play} 17. Nd2 $1 $14 Ne7 18. Ne4) 17... Bxc6 $11 18. Qh4 e4 19. Qxf6 Nxf6 20. Nh4 Rd2 (20... g5 $5 21. Nf5 $8 Bd7 $11) 21. Rb2 Rd3 22. Bf1 Red8 (22... Rxc3 $11 23. Rb3 Rc2) 23. Bxd3 $14 exd3 24. c4 g5 25. Nf5 Bf3 {[#]} (25... Rd7 $142) 26. Rd2 ({But not} 26. Nxh6+ $6 Kf8 $14) ({Only move:} 26. Nd4 $1 $16 {[%cal Rd4f3]} cxd4 27. Be7 {[%mdl 64] Double Attack}) 26... Ne4 $11 27. Bc1 ({Don't blunder} 27. Nxh6+ $2 Kg7 $19) 27... Kh7 28. g4 (28. Ne7 {keeps more tension.} Rd7 29. Nd5 c6 30. Rxd3 cxd5 31. Bb2) 28... Bxg4 29. Ng3 $1 {[%cal Rg3e4]} Nxd2 30. Bxd2 Kg6 31. Kg2 h5 32. f3 Be6 33. Rc1 f6 34. Ne4 Bf5 35. Nf2 a5 36. Rc3 h4 37. Kf1 Be6 {[#]} (37... Kf7 $14) 38. Ke1 $1 $16 Kh5 39. a3 f5 40. Nxd3 Bxc4 41. Nxc5 $1 Bd5 42. e4 Re8 (42... Bg8 $16) 43. Kf2 $18 fxe4 44. Nxe4 Bxe4 45. fxe4 Rxe4 46. Rxc7 {[%mdl 4096] Endgame KRB-KR} Kg4 47. Rc3 Re6 $2 (47... a4 48. h3+ Kf5 49. Rf3+ Kg6) 48. Rb3 Rf6+ 49. Kg2 Re6 $2 (49... Rf5 50. a4 h3+ 51. Rxh3 b5 52. Rg3+ (52. Bxa5 bxa4 53. Rg3+ Kh5 $18) 52... Kh5 53. axb5 Rxb5) 50. h3+ Kh5 {aiming for ...Re2+.} 51. Kf2 Rf6+ 52. Ke2 Re6+ 53. Be3 {White is clearly winning.} Re4 (53... g4 $142 54. Rb5+ (54. Rxb6 gxh3 55. Rb5+ Kg6 $16) 54... Kg6 55. Rg5+ (55. Rxb6 Rxb6 56. Bxb6 gxh3 $16) 55... Kf7 56. Rxg4 Re5 57. Rxh4 b5) 54. Rb5 Kh6 55. Kf3 Ra4 56. Bxg5+ Kh7 57. Be7 Rd4 58. Rxb6 a4 59. Bb4 {Accuracy: White = 73%, Black = 33%.} 1-0